00656nam a22002297a 4500003000500000005001700005008004100022010001000063011001000073035001000083040000900093082001900102111009900121245001200220260002300232300001000255490004200265650002800307710000900335710004000344830004200384CHAP20220817041840.0971013s1954 r 10010 d a26460 a27432 a31533 cCHAP a612.3bC6 195300aConferencia sobre los Problemas de Nutrición en la América Latina (n3d: 1953c: Caracas) aInforme aRoma :bFAO,c1954 a54 p. aFAO. Reuniones sobre nutriciónv; 814aNutriciónxCongresos.0 aFAO.0 aOrganización Mundial de la Salud.0 aFAO. Reuniones sobre nutriciónv; 8